000 01265nam a2200313 a 4500
001 BRCA_3423
005 20190320204256.0
041 _aeng
044 _aenk
084 _a712
_b.D468
_c1936
100 1 _aCervantes Saavedra, Miguel de
_d1547-1616
_9213
245 1 0 _aThe Adventures of Don Quixote of la Mancha
_cBy Miguel de Cervantes.
260 _aLondres : Nueva York
_bJ. M. Dent and Sons : E. P. Dutton and Co.
_c1936
300 _axii, 532 p.
_bil.
_c20 cm.
500 _aContenido : Prólogo del autor. Texto abreviado
500 _aEdición : Illustrated by W. Heat Robinson
500 _aCuarta reimpresión de la edición de 1902 de los mismos editores. Tela; lomo y plano decorados con motivos quijotiles en color Lúdovik Osterc
500 _aIncluye índice : De ilustraciones
500 _aQM1380A
546 _aTexto en : inglés
650 1 4 _aNovela española
_yÉpoca clásica, 1500-1700
_9215
650 1 4 _aLiteratura española
_yÉpoca clásica, 1500-1700
_9216
650 1 4 _aNovela española
_ySiglo XVII
_9217
650 1 4 _aDon Quijote (Personaje ficticio)
_eNovela
_9218
700 1 _aRobinson, William Heat
_d1872-1944
_eIlustrador
_98976
740 0 _aEl Ingenioso Hidalgo Don Quijote de la Mancha
902 _aQFM
942 _2lcc
_cB
999 _c3159
_d3159